LEADER 00975nam0-2200337---450- 001 990009608250403321 005 20130930165419.0 035 $a000960825 035 $aFED01000960825 035 $a(Aleph)000960825FED01 035 $a000960825 100 $a20120719d1979----km-y0itay50------ba 101 0 $aeng 102 $aGB 105 $aa---b---001yy 200 1 $aOld master paintings and drawings$eColnaghi, june 19-august 3, 1979 210 $aLondon$cColnaghi$d1979? 215 $a167 p.$cill.$d24 cm 300 $aCatalogo della mostra di Londra 610 0 $aPittura$aEsposizioni$a1979 610 0 $aDisegni$aEsposizioni$a1979 676 $a741.9 676 $a759.04 712 02$aColnaghi P. & D.$c 801 0$aIT$bUNINA$gRICA$2UNIMARC 901 $aBK 912 $a990009608250403321 952 $a759.04 MOSTRE LONDRA 1979$b59055 bibl.$fFLFBC 959 $aFLFBC 996 $aOld master paintings and drawings$9831993 997 $aUNINA LEADER 02017oas 2200769 a 450 001 9910146258503321 005 20260218111757.0 035 $a(OCoLC)405718430 035 $a(CONSER) 2010243755 035 $a(CKB)1000000000440219 035 $a(DE-599)ZDB2452024-X 035 $a(DE-599)2452024-X 035 $a(EXLCZ)991000000000440219 100 $a20081203a20089999 sy 101 0 $aeng 135 $aurcn||||||||| 181 $ctxt$2rdacontent 182 $cc$2rdamedia 183 $acr$2rdacarrier 200 00$aInternational journal of therapeutic massage & bodywork 210 $aEvanston, Ill. $cMassage Therapy Foundation$d[2008]- 300 $aRefereed/Peer-reviewed 311 08$a1916-257X 517 1 $aInternational journal of therapeutic massage and bodywork 517 1 $aIJTMB 606 $aMassage therapy$vPeriodicals 606 $aTherapeutics, Physiological$vPeriodicals 606 $aMassage 606 $aMassage therapy$2fast$3(OCoLC)fst01011499 606 $aTherapeutics, Physiological$2fast$3(OCoLC)fst01149711 608 $aPeriodical. 608 $aFulltext. 608 $aPeriodicals. 608 $aPeriodicals.$2fast 608 $aPeriodicals.$2lcgft 615 0$aMassage therapy 615 0$aTherapeutics, Physiological 615 12$aMassage. 615 7$aMassage therapy. 615 7$aTherapeutics, Physiological. 801 0$bAU@ 801 1$bAU@ 801 2$bTXA 801 2$bNWH 801 2$bOCLCQ 801 2$bNLM 801 2$bNHM 801 2$bOCLCQ 801 2$bVRC 801 2$bCUS 801 2$bOCLCQ 801 2$bOCLCF 801 2$bUIU 801 2$bOCLCQ 801 2$bCASUM 801 2$bOCLCO 801 2$bOCLCA 801 2$bBUF 801 2$bOCLCA 801 2$bBWN 801 2$bOCLCQ 801 2$bAUD 801 2$bOCLCQ 906 $aJOURNAL 912 $a9910146258503321 996 $aInternational journal of therapeutic massage & bodywork$91908775 997 $aUNINA